Country Flags With Animals - Statistics

General Stats
  • This quiz has been taken 29 times
    12 since last reset
  • The average score is 23 of 25
Answer Stats
Hint Answer % Correct
Europe Albania
100%
Europe Andorra
100%
North America Dominica
100%
South America Ecuador
100%
Africa Egypt
100%
Asia Kazakhstan
100%
Oceania Kiribati
100%
North America Mexico
100%
Europe Moldova
100%
Europe Montenegro
100%
Europe Serbia
100%
Europe Spain
100%
Africa Zambia
100%
Africa Zimbabwe
100%
Europe Croatia
86%
Oceania Fiji
86%
North America Guatemala
86%
Europe Malta
86%
Oceania Papua New Guinea
86%
South America Peru
86%
Asia Sri Lanka
86%
Africa Uganda
86%
Asia Bhutan
71%
South America Bolivia
71%
South America Venezuela
71%
No matching quizzes found
Score Distribution
Percent of People with Each Score
Percentile by Number Answered
Your Score History
You have not taken this quiz since the last reset